| 000 | 00616nam a2200181 4500 | ||
|---|---|---|---|
| 001 | 137351 | ||
| 003 | ES-MaACL | ||
| 007 | t| | ||
| 008 | 070214s1975 sp r ||||1| spa d | ||
| 100 | 0 |
_aSánchez, Luis Alberto, _d1900-1994 _9102397 |
|
| 245 | 1 | 0 |
_aAmérica desde la revolución emancipadora hasta nuestros días / _cLuis Alberto Sánchez. |
| 260 |
_aMadrid : _bEdaf, _c1975. |
||
| 300 |
_a405 p. ; _c19 cm. |
||
| 490 | 1 |
_aColección nueva historia del mundo ; _v8 |
|
| 830 | 0 |
_aColección nueva historia del mundo ; _v8 _9220076 |
|
| 852 |
_aES-MaACL _jE-8963 _bR.93332 |
||
| 999 |
_c137351 _d137351 |
||